Bundesliga 2021-2022 Top scorers - Statistics

General Stats
  • This quiz has been taken 46 times
  • The average score is 7 of 10
Answer Stats
Goals Nationality Club Player % Correct
35 Poland Bayern Munich Robert Lewandowski
100%
22 Norway Borussia Dortmund Erling Haaland
98%
24 Czech Republic Bayer Leverkusen Patrik Schick
95%
20 France RB Leipzig Christopher Nkunku
90%
14 Germany Bayern Munich Serge Gnabry
83%
20 France 1. FC Köln Anthony Modeste
81%
12 Germany Borussia Mönchengladbach Jonas Hofmann
60%
13 France Bayer Leverkusen Moussa Diaby
57%
15 Nigeria Union Berlin Taiwo Awoniyi
50%
12 Germany Wolfsburg Max Kruse
26%
No matching quizzes found
Score Distribution
Percent of People with Each Score
Percentile by Number Answered
Your Score History
You have not taken this quiz